|
|
|
|
| LEADER |
02110nam a2200625 4500 |
| 001 |
ocn870299936 |
| 003 |
OCoLC |
| 005 |
20170124071733.6 |
| 006 |
m o d |
| 007 |
cr zn||||||||| |
| 008 |
140122s2014 njua ob 001 0 eng d |
| 040 |
|
|
|a CtWfDGI
|b eng
|e pn
|c STF
|d B24X7
|d OCLCO
|d IDEBK
|d EBLCP
|d YDXCP
|d OCLCF
|d E7B
|d CDX
|d DEBSZ
|d OCLCQ
|d UMI
|d DG1
|d OCLCO
|d COO
|d OCLCO
|d DEBBG
|d OCLCQ
|d OCLCO
|d GrThAP
|
| 019 |
|
|
|a 885017515
|a 893098241
|
| 020 |
|
|
|a 9781118284049
|q (electronic bk.)
|
| 020 |
|
|
|a 1118284046
|q (electronic bk.)
|
| 020 |
|
|
|z 9781118286999
|
| 020 |
|
|
|z 1118286995
|
| 020 |
|
|
|z 9781118282731
|
| 020 |
|
|
|z 1118282736
|
| 020 |
|
|
|z 111823068X
|
| 020 |
|
|
|z 9781118230688
|
| 020 |
|
|
|z 9781322007892
|
| 020 |
|
|
|z 1322007896
|
| 029 |
1 |
|
|a AU@
|b 000053305442
|
| 029 |
1 |
|
|a DEBBG
|b BV043396549
|
| 029 |
1 |
|
|a DEBBG
|b BV043611084
|
| 029 |
1 |
|
|a DEBSZ
|b 410569712
|
| 029 |
1 |
|
|a GBVCP
|b 856571024
|
| 035 |
|
|
|a (OCoLC)870299936
|z (OCoLC)885017515
|z (OCoLC)893098241
|
| 037 |
|
|
|a 632040
|b MIL
|
| 050 |
|
4 |
|a HV8079.F7
|b S68 2014eb
|
| 082 |
0 |
4 |
|a 658.4/73
|2 23
|
| 049 |
|
|
|a MAIN
|
| 100 |
1 |
|
|a Spann, Delena D.,
|d 1967-
|
| 245 |
1 |
0 |
|a Fraud analytics :
|b strategies and methods for detection and prevention /
|c Delena D. Spann.
|
| 264 |
|
1 |
|a Hoboken, N.J. :
|b John Wiley & Sons,
|c [2014]
|
| 264 |
|
4 |
|c ©2014
|
| 300 |
|
|
|a 1 online resource.
|
| 336 |
|
|
|a text
|b txt
|2 rdacontent
|
| 337 |
|
|
|a computer
|b c
|2 rdamedia
|
| 338 |
|
|
|a online resource
|b cr
|2 rdacarrier
|
| 490 |
1 |
|
|a The Wiley corporate F & A
|
| 500 |
|
|
|a Title from title screen.
|
| 504 |
|
|
|a Includes bibliographical references and index.
|
| 650 |
|
0 |
|a Fraud.
|
| 650 |
|
0 |
|a Fraud investigation.
|
| 650 |
|
0 |
|a Fraud
|x Prevention.
|
| 650 |
|
7 |
|a Fraud.
|2 fast
|0 (OCoLC)fst00933786
|
| 650 |
|
7 |
|a Fraud investigation.
|2 fast
|0 (OCoLC)fst00933803
|
| 650 |
|
7 |
|a Fraud
|x Prevention.
|2 fast
|0 (OCoLC)fst00933790
|
| 655 |
|
4 |
|a Electronic books.
|
| 776 |
0 |
8 |
|i Print version:
|z 9781322007892
|
| 830 |
|
0 |
|a Wiley corporate F & A.
|
| 856 |
4 |
0 |
|u https://doi.org/10.1002/9781118284049
|z Full Text via HEAL-Link
|
| 994 |
|
|
|a 92
|b DG1
|